Capitaines des clubs de Ligue 1 (2023-2024) - Statistiques

Statistiques générales
  • Ce quiz a été pris 221 fois
  • Le résultat moyen est 11 sur 18
Statistiques - réponses
Club Joueur Nationalité % Correct
Paris Saint-Germain Marquinhos Brésilien
98%
Olympique Lyonnais Alexandre Lacazette Français
90%
OGC Nice Dante Brésilien
84%
Olympique de Marseille Valentin Rongier Français
84%
AS Monaco Wissam Ben Yedder Français
84%
RC Lens Brice Samba Français
82%
Stade Rennais Benjamin Bourigeaud Français
73%
Montpellier Téji Savanier Français
73%
LOSC Lille Benjamin André Français
72%
Stade de Reims Yunis Abdelhamid Marocain
65%
RC Strasbourg Matz Sels Belge
60%
FC Lorient Laurent Abergel Français
47%
FC Nantes Pedro Chirivella Espagnol
45%
Stade Brestois Brendan Chardonnet Français
34%
Toulouse FC Vincent Sierro Suisse
26%
Clermont F63 Florent Ogier Français
21%
Le Havre Arouna Sanganté Sénégalais
17%
FC Metz Mathieu Udol Français
17%
Aucun quiz correspondant
Distribution des résultats
% des personnes avec chaque résultat
Percentile par nombre de réponses
Votre historique - résultats
Vous n’avez pas pris ce quiz